000 00504nam a2200157 i 4500
001 93563
003 ES-MaACL
005 20230906181247.0
007 t|
008 050414s1926 sp ||||1| spa d
100 1 _aLópez Argüello, Arturo.
_973415
245 1 0 _aReforma del libro II del Código de Comercio
_b: observaciones formuladas por el Banco Castellano /
_cArturo López Argüello.
260 _aMadrid :
_bErnesto Catalá,
_c1926.
300 _a16 p. ;
_c21 cm.
852 _aES-MaACL
_j1733-F-32
999 _c93563
_d93563